[Event "GRE-chT Online ED & SA 2nd"]
[Site "Tornelo INT"]
[Date "2022.05.15"]
[Round "5"]
[White "Mylogiannidis, Christos"]
[Black "Koutsogoulas, Georgios"]
[Result "0-1"]
[WhiteElo "1476"]
[BlackElo "1624"]
[PlyCount "88"]
[EventDate "2022.05.14"]
[EventType "team-swiss (rapid)"]
[EventRounds "7"]
[EventCountry "GRE"]
[SourceTitle "EXT 2024"]
[Source "ChessBase"]
[SourceDate "2023.10.10"]
[SourceVersion "1"]
[SourceVersionDate "2023.10.10"]
[SourceQuality "1"]

1. e4 c5 2. Nc3 Nc6 3. f4 d6 4. Bb5 Bd7 5. Nf3 g6 6. 0-0 Bg7 7. Bc4 e6 8. d3 Nge7 9. a3 0-0 10. Qe1 Nd4 11. Qf2 b5 12. Ba2 Nec6 13. Nd1 b4 14. c3 Nxf3+ 15. Qxf3 bxa3 16. b3 Qa5 17. Bd2 Rab8 18. Rb1 Rfd8 19. g4 Nd4 20. Qf2 Nxb3 21. Rxb3 Rxb3 22. Bxb3 a2 23. c4 a1Q 24. Bxa5 Bd4 25. Ne3 Qxa5 26. Kg2 Qc3 27. Qc2 Rb8 28. Qxc3 Bxc3 29. Bc2 a5 30. Rb1 Rb4 31. Rxb4 cxb4 32. Nd1 Bd4 33. Kf3 a4 34. Ke2 b3 35. Bxb3 axb3 36. Kd2 b2 37. Nxb2 Bxb2 38. h3 Bd4 39. Ke2 Ba4 40. Kd2 Kf8 41. Ke2 Ke7 42. h4 h5 43. g5 Kd7 44. Kd2 Bf2 0-1

[Event "EU-ch Amateur Online 1400/1700"]
[Site "Tornelo INT"]
[Date "2021.04.17"]
[Round "3"]
[White "Mylogiannidis, Christos"]
[Black "Kvikvinia, Teimuraz"]
[Result "0-1"]
[WhiteElo "1342"]
[BlackElo "1632"]
[PlyCount "92"]
[EventDate "2021.04.17"]
[EventType "swiss (rapid)"]
[EventRounds "8"]
[EventCountry "NET"]
[SourceTitle "EXT 2023"]
[Source "ChessBase"]
[SourceDate "2022.10.05"]
[SourceVersion "1"]
[SourceVersionDate "2022.10.05"]
[SourceQuality "1"]

1. d4 Nf6 2. Nf3 d5 3. c4 e6 4. g3 b6 5. Bg2 Bb4+ 6. Bd2 Be7 7. cxd5 exd5 8. 0-0 0-0 9. Bg5 Nbd7 10. Nc3 c6 11. Re1 Bb7 12. Rc1 Ne4 13. Bxe7 Qxe7 14. Nd2 f5 15. f3 Nxc3 16. bxc3 Qe3+ 17. Kh1 Nf6 18. Nf1 Qe7 19. Qc2 g6 20. Nd2 c5 21. f4 cxd4 22. cxd4 Rac8 23. Qd3 Rfe8 24. Rxc8 Rxc8 25. Nf3 Qb4 26. Rb1 Qc4 27. Qxc4 Rxc4 28. Kg1 Rc2 29. Bf1 Ne4 30. a3 Ba6 31. Ne1 Rc3 32. Ra1 Kf7 33. Kg2 Ke6 34. Ra2 Bc4 35. Ra1 Kd6 36. Nf3 Rc2 37. Re1 Ra2 38. Ne5 Rxa3 39. Nxc4+ dxc4 40. Rc1 b5 41. Rc2 c3 42. h3 b4 43. e3 b3 44. Rc1 b2 45. Rb1 c2 46. Rxb2 c1Q 0-1

[Event "GRE-chT Online Rapid op 1st"]
[Site "Tornelo INT"]
[Date "2021.02.21"]
[Round "9.31"]
[White "Mylogiannidis, Christos"]
[Black "Chalkias, Michail Panagiotis"]
[Result "0-1"]
[WhiteElo "1342"]
[BlackElo "1206"]
[PlyCount "150"]
[EventDate "2021.02.20"]
[EventType "team-swiss (rapid)"]
[EventRounds "9"]
[EventCountry "GRE"]
[SourceTitle "EXT 2023"]
[Source "ChessBase"]
[SourceDate "2022.10.05"]
[SourceVersion "1"]
[SourceVersionDate "2022.10.05"]
[SourceQuality "1"]

1. d4 Nf6 2. Bg5 e6 3. e4 Be7 4. Nc3 d5 5. Bxf6 Bxf6 6. e5 Be7 7. Qd2 c5 8. Bb5+ Bd7 9. Nf3 cxd4 10. Qxd4 Bxb5 11. Nxb5 Qa5+ 12. Nc3 Nc6 13. Qa4 Qxa4 14. Nxa4 0-0 15. 0-0 d4 16. b3 Rac8 17. Rfd1 Rfd8 18. Nb2 Nb4 19. Nd3 Nxc2 20. Rac1 Ba3 21. Rb1 Nb4 22. Nxb4 Bxb4 23. Rxd4 Rxd4 24. Nxd4 Rc5 25. Nf3 Rc2 26. a4 Bc5 27. Rd1 Bxf2+ 28. Kh1 Bb6 29. b4 g6 30. h3 Rb2 31. a5 Be3 32. Ne1 Rxb4 33. Nc2 Rb3 34. Re1 Bf4 35. Nd4 Ra3 36. Nf3 Rxa5 37. Kg1 Bg3 38. Rb1 Kg7 39. Kf1 b6 40. h4 Bxe5 41. Nxe5 Rxe5 42. Kf2 a5 43. Rxb6 Kf6 44. g3 h5 45. Ra6 g5 46. Ra7 gxh4 47. gxh4 Rf5+ 48. Kg3 Kg6 49. Ra6 Rb5 50. Kf4 Rb4+ 51. Kg3 a4 52. Ra5 Rb3+ 53. Kf4 Rb4+ 54. Kg3 f5 55. Ra6 Kf6 56. Ra5 Rb3+ 57. Kf2 a3 58. Kg2 Rb2+ 59. Kf3 Rb3+ 60. Kg2 Rb4 61. Kg3 f4+ 62. Kf3 e5 63. Rxa3 Kf5 64. Ra8 e4+ 65. Kf2 Rb2+ 66. Kg1 Kg4 67. Ra3 e3 68. Ra1 Kg3 69. Re1 Rg2+ 70. Kh1 Rh2+ 71. Kg1 Rxh4 72. Rf1 e2 73. Re1 f3 74. Rxe2 Rh1+ 75. Kxh1 fxe2 0-1

[Event "GRE-chT Online Rapid op 1st"]
[Site "Tornelo INT"]
[Date "2021.02.20"]
[Round "1.11"]
[White "Mylogiannidis, Christos"]
[Black "Tassopoulos, Marios"]
[Result "0-1"]
[WhiteElo "1342"]
[BlackElo "2054"]
[PlyCount "72"]
[EventDate "2021.02.20"]
[EventType "team-swiss (rapid)"]
[EventRounds "9"]
[EventCountry "GRE"]
[SourceTitle "EXT 2023"]
[Source "ChessBase"]
[SourceDate "2022.10.05"]
[SourceVersion "1"]
[SourceVersionDate "2022.10.05"]
[SourceQuality "1"]

1. d4 d5 2. Nf3 Nf6 3. Bg5 Ne4 4. Nbd2 Nxg5 5. Nxg5 e5 6. Ngf3 exd4 7. Nxd4 c5 8. N4f3 Be7 9. e3 0-0 10. c4 d4 11. exd4 cxd4 12. a3 Re8 13. Bd3 Bxa3+ 14. Kf1 Bxb2 15. Rb1 Bc3 16. h3 Nc6 17. Ne4 h6 18. Nxc3 dxc3 19. Qc2 Nd4 20. Qxc3 Nxf3 21. gxf3 Qe7 22. Be4 Qe5 23. Qd3 Rb8 24. Rb5 Qe7 25. Qc3 b6 26. Rh5 f5 27. Bd5+ Be6 28. Rxf5 Bxd5 29. Rxd5 Rbc8 30. Rg1 Qe2+ 31. Kg2 Rxc4 32. Qa1 Rc2 33. Kh1 Qxf3+ 34. Rg2 Rc1+ 35. Qxc1 Qxd5 36. Qxh6 Qxg2+ 0-1

[Event "GRE-chT Online Rapid op 1st"]
[Site "Tornelo INT"]
[Date "2021.02.20"]
[Round "4.32"]
[White "Theodoroglakis, Ioannis"]
[Black "Mylogiannidis, Christos"]
[Result "0-1"]
[WhiteElo "1058"]
[BlackElo "1342"]
[PlyCount "92"]
[EventDate "2021.02.20"]
[EventType "team-swiss (rapid)"]
[EventRounds "9"]
[EventCountry "GRE"]
[SourceTitle "EXT 2023"]
[Source "ChessBase"]
[SourceDate "2022.10.05"]
[SourceVersion "1"]
[SourceVersionDate "2022.10.05"]
[SourceQuality "1"]

1. c4 Nf6 2. Nc3 c6 3. Nf3 g6 4. g3 Bg7 5. Bg2 0-0 6. 0-0 d5 7. d3 d4 8. Nb1 c5 9. a3 a5 10. Nbd2 Nc6 11. Rb1 Bd7 12. Nb3 b6 13. Bf4 a4 14. Nbd2 Na5 15. Ne5 Rc8 16. Nxd7 Nxd7 17. Qxa4 e5 18. Bh3 f5 19. Bg5 Qxg5 20. Nf3 Qe7 21. b4 Nb7 22. bxc5 Nbxc5 23. Qb4 g5 24. Bg2 g4 25. Nd2 Qg5 26. f3 Qe3+ 27. Rf2 Qg5 28. Nb3 f4 29. fxg4 fxg3 30. Rxf8+ Rxf8 31. hxg3 Qxg4 32. Qe1 Bh6 33. Bf3 Be3+ 34. Kg2 Qg5 35. Nxc5 bxc5 36. Rb7 Nf6 37. Qa5 Nh5 38. Qe1 Nf4+ 39. Kf1 Qh6 40. gxf4 Qh3+ 41. Bg2 Rxf4+ 42. Qf2 Rxf2+ 43. Ke1 Qxg2 44. Rb8+ Rf8 45. Rxf8+ Kxf8 46. a4 Qg1# 0-1